[Event "Euskadi ch"]
[Site "Zornotza"]
[Date "2007.04.14"]
[Round "6.7"]
[White "Diez Fraile, David"]
[Black "Agirretxe, Jesus"]
[Result "1/2-1/2"]
[WhiteElo "2131"]
[BlackElo "2149"]
[PlyCount "146"]
[EventDate "2007.04.10"]
[Source "AjedrezVasco"]
[SourceDate "2007.04.10"]

1. e4 c6 2. d4 d5 3. Nc3 dxe4 4. Nxe4 Bf5 5. Ng3 Bg6 6. h4 h6 7. Nf3 Nd7 8. h5
Bh7 9. Bd3 Bxd3 10. Qxd3 Qc7 11. Rh4 e6 12. Bf4 Bd6 13. Bxd6 Qxd6 14. Ne4 Qb4+
15. Qc3 Qxc3+ $11 16. bxc3 Ke7 17. Nc5 Nxc5 18. dxc5 a5 19. Rb1 Ra7 20. Rd4 Nf6
21. Ne5 Rc8 22. f3 Rc7 23. g4 Nd7 24. Nxd7 Rxd7 25. Rxd7+ Kxd7 26. Ke2 Kc7 27.
c4 Ra8 28. Kd3 Rd8+ 29. Kc3 Rd7 30. Rg1 e5 31. Re1 f6 32. f4 exf4 33. Rf1 Re7
34. Rxf4 Re5 35. Kd4 b6 36. cxb6+ Kxb6 37. Re4 Rg5 38. Rf4 Kc7 39. c5 Kd7 40.
Re4 Kd8 41. Kc4 $11 f5 42. gxf5 Rxh5 43. Rg4 Rg5 44. Rd4+ Kc7 45. Rf4 Rg2 46.
f6 gxf6 47. Rxf6 Rxc2+ 48. Kd4 Rxa2 49. Rxh6 Kb7 50. Kc3 Rg2 51. Kc4 Rb2 52.
Rg6 Rb4+ 53. Kc3 Rb1 54. Rh6 a4 55. Rh4 Ka6 56. Rxa4+ Kb5 57. Rh4 Rc1+ 58. Kb3
Rb1+ 59. Kc3 Rg1 60. Rb4+ Kxc5 61. Rc4+ Kb6 62. Rb4+ Kc7 63. Rh4 Rg5 64. Rf4
Rb5 65. Rh4 Rg5 66. Rf4 Rg1 67. Rh4 Rc1+ 68. Kb3 Kb6 69. Rh5 c5 70. Rh4 Kb5 71.
Rg4 Rh1 72. Kc3 Rh3+ 73. Kc2 c4 1/2-1/2

[Event "Euskadi ch"]
[Site "Zornotza"]
[Date "2007.04.14"]
[Round "6.8"]
[White "Villalta, Igor"]
[Black "Alcaide, Aitor"]
[Result "1/2-1/2"]
[WhiteElo "2007"]
[BlackElo "2140"]
[PlyCount "198"]
[EventDate "2007.04.10"]
[Source "AjedrezVasco"]
[SourceDate "2007.04.10"]

1. d4 e6 2. Nf3 d5 3. Nbd2 f5 4. g3 Nf6 5. Bg2 Bd6 6. b3 O-O 7. Bb2 c6 8. O-O
b6 9. c4 Bb7 10. Ne5 Qe7 11. Ndf3 a5 12. Nd3 Na6 13. Nfe5 Rac8 14. e3 Rfd8 15.
Rc1 c5 16. Re1 Ne4 17. f3 Nf6 18. Qe2 Nd7 19. Nxd7 Rxd7 20. e4 fxe4 21. fxe4
dxc4 22. Rxc4 cxd4 23. Rxc8+ Bxc8 24. Rc1 Bc5 25. e5 Nb4 26. Nxc5 bxc5 27. Qc4
Ba6 28. Qxc5 Qxc5 29. Rxc5 Nd3 30. Rc2 Nxb2 31. Rxb2 d3 32. Rd2 Rc7 33. Kf2 Rc3
34. Be4 Rc1 35. a3 Rc3 36. Rb2 Bb7 37. Ke3 Bxe4 38. Kxe4 Rc2 39. Rb1 d2 40. Rd1
Rb2 41. a4 Kf7 42. Kd4 Rxb3 43. Rxd2 Rb4+ 44. Kc5 Rxa4 45. Kd6 Rb4 46. Rf2+ Ke8
47. Kxe6 Rb6+ 48. Kd5 a4 49. Kc5 Ra6 50. Ra2 Ke7 51. Ra3 Ke6 52. Kd4 Ra5 53. h3
Rd5+ 54. Ke4 Rxe5+ 55. Kf4 Ra5 56. Ke4 Ra7 57. Kd4 Kf5 58. Rf3+ Ke6 59. Ra3 Kd6
60. Kd3 Kd5 61. Kd2 Kc4 62. Kc2 Kb4 63. Kb2 Rf7 64. Re3 a3+ 65. Ka2 Rf2+ 66.
Kb1 Rb2+ 67. Ka1 Rb3 68. Re4+ Kc5 69. Rg4 g6 70. Ka2 Rf3 71. h4 Kd5 72. h5 gxh5
73. Rg5+ Ke4 74. Rxh5 Rf7 75. Kxa3 Rg7 76. Kb4 Kf3 77. Kc3 Kxg3 78. Kd2 Re7 79.
Rh6 Kg4 80. Kd3 Kg5 81. Rh3 h5 82. Re3 Rf7 83. Ke2 Kg4 84. Re8 h4 85. Rg8+ Kh3
86. Rh8 Kg3 87. Rg8+ Kh2 88. Rh8 h3 89. Rg8 Kh1 90. Rg6 Ra7 91. Kf1 Ra1+ 92.
Kf2 Ra2+ 93. Kf1 Ra1+ 94. Kf2 Ra2+ 95. Kf1 Rg2 96. Rh6 h2 97. Rh8 Rg7 98. Rh6
Rg4 99. Rf6 Ra4 1/2-1/2

[Event "Euskadi ch"]
[Site "Zornotza"]
[Date "2007.04.14"]
[Round "6.9"]
[White "Guilarte, Ricardo"]
[Black "Miguelez, Erlantz"]
[Result "1-0"]
[WhiteElo "2133"]
[BlackElo "2034"]
[PlyCount "57"]
[EventDate "2007.04.10"]
[Source "AjedrezVasco"]
[SourceDate "2007.04.10"]

1. e4 e5 2. Nf3 Nc6 3. Bc4 Nf6 4. Nc3 Be7 5. d4 d6 6. dxe5 Nxe5 7. Bb3 O-O 8.
Be3 c6 9. Nxe5 dxe5 10. Qf3 Qa5 11. Bd2 Qc7 12. h3 Be6 13. Bxe6 fxe6 14. O-O
Bc5 15. Na4 Bd4 16. c3 Qa5 17. cxd4 Qxd2 18. Rfd1 Qb4 19. Nc5 exd4 20. Nxe6 Rf7
21. Rxd4 Qxb2 22. Rad1 Re8 23. Rd8 Qe5 24. Qb3 Kh8 25. Ng5 Rfe7 26. Nf7+ Rxf7
27. Qxf7 h6 28. Rxe8+ Nxe8 29. Rd8 1-0

[Event "Euskadi ch"]
[Site "Zornotza"]
[Date "2007.04.14"]
[Round "6.10"]
[White "Cendagortagalarza, Jose Luis"]
[Black "Arias, Luis Javier"]
[Result "0-1"]
[WhiteElo "1816"]
[BlackElo "2197"]
[PlyCount "78"]
[EventDate "2007.04.10"]
[Source "AjedrezVasco"]
[SourceDate "2007.04.10"]

1. e4 e5 2. Bc4 Nc6 3. Nf3 Bc5 4. O-O Nf6 5. Nc3 d6 6. h3 O-O 7. d3 h6 8. Be3
Bb6 9. Bxb6 axb6 10. Nh2 Be6 11. Ng4 Bxg4 12. hxg4 Nd4 13. g3 c6 14. f3 b5 15.
Bb3 Nh7 16. Kg2 Ng5 17. Ne2 Nxb3 18. cxb3 Qb6 19. d4 f6 20. Qd3 Rfd8 21. d5 b4
22. a4 Ra5 23. Rfd1 cxd5 24. exd5 Re8 25. Qg6 Raa8 26. Ng1 Qe3 27. Re1 Qxb3 28.
f4 Qxd5+ 29. Kf2 Ne6 30. Rad1 Nd4 31. Re3 Rac8 32. Rd2 Qh1 33. Qd3 Qh2+ 34. Kf1
Rc1+ 35. Rd1 Rec8 36. g5 R8c2 37. Re2 Rxd1+ 38. Qxd1 Rc1 39. Rxh2 Rxd1+ 0-1

[Event "Euskadi ch"]
[Site "Zornotza"]
[Date "2007.04.14"]
[Round "6.11"]
[White "Iza, Asier"]
[Black "Angulo, Jon"]
[Result "0-1"]
[WhiteElo "1740"]
[BlackElo "2173"]
[PlyCount "82"]
[EventDate "2007.04.10"]
[Source "AjedrezVasco"]
[SourceDate "2007.04.10"]

1. d4 Nf6 2. c4 e6 3. Nf3 b6 4. Nc3 Bb7 5. Bg5 Be7 6. e3 h6 7. Bh4 d6 8. Be2 g5
9. Bg3 g4 10. Nd2 Bxg2 11. Rg1 Bh3 12. Qc2 Nbd7 13. O-O-O Nh5 14. Bd3 Nxg3 15.
hxg3 Bg5 16. Be4 Rb8 17. Bc6 a5 18. d5 O-O 19. dxe6 fxe6 20. Qg6+ Kh8 21. Qxe6
Ne5 22. Be4 Rf6 23. Qd5 Rxf2 24. Bc2 Qe7 25. Nce4 Rf7 26. Qd4 Rbf8 27. Nxg5
Qxg5 28. Ne4 Qg7 29. Kb1 Nf3 30. Qxg7+ Kxg7 31. Rh1 Ne5 32. b3 Nc6 33. a3 Ne5
34. Rhe1 Bg2 35. Rg1 Bxe4 36. Bxe4 Rf2 37. Rh1 Re2 38. Bd5 Rff2 39. Rh4 Rxe3
40. Be6 Rxb3+ 41. Ka1 Rxa3+ 0-1

[Event "Euskadi ch"]
[Site "Zornotza"]
[Date "2007.04.15"]
[Round "7"]
[White "Mindeguia, Juan Jesus"]
[Black "Guilarte, Ricardo"]
[Result "1-0"]
[WhiteElo "2214"]
[BlackElo "2133"]
[PlyCount "127"]
[EventDate "2007.04.10"]
[Source "AjedrezVasco"]
[SourceDate "2007.04.10"]

1. e4 e5 2. Nf3 Nf6 3. Nc3 Nc6 4. d4 Bb4 5. Nxe5 Nxe5 6. dxe5 Nxe4 7. Qg4 d5 8.
Qxg7 Rf8 9. a3 Bc5 10. Nxe4 dxe4 11. Be2 Bf5 12. Bg5 Qd7 13. Rd1 Qe6 14. b4 Be7
15. Bxe7 Qxe7 16. O-O Rd8 17. Bg4 Bxg4 18. Qxg4 Qxe5 19. Rxd8+ Kxd8 20. Rd1+
Ke7 21. Qh4+ Ke6 22. f4 Qf5 23. h3 f6 24. c4 e3 25. Re1 Kf7 26. Rxe3 Rd8 27.
Qf2 Rd1+ 28. Kh2 h5 29. Qe2 Rd4 30. Re7+ Kg6 31. Qf2 Qxf4+ 32. Qxf4 Rxf4 33.
Rxc7 b6 34. c5 bxc5 35. Rxc5 Rd4 36. Ra5 Rd7 37. Kg3 Rd3+ 38. Kf2 Rd7 39. Ke3
h4 40. Rc5 Rd1 41. Rc3 Ra1 42. Kf3 Kg5 43. Rc5+ f5 44. Ra5 Rf1+ 45. Ke2 Ra1 46.
Rxa7 Kf4 47. b5 Kg3 48. Rg7+ Kh2 49. b6 Rxa3 50. b7 Rb3 51. Kf2 f4 52. Rc7 f3
53. gxf3 Kxh3 54. Rg7 Kh2 55. f4 h3 56. f5 Kh1 57. Rc7 Rb1 58. f6 h2 59. Rc1+
Rxc1 60. b8=Q Rc2+ 61. Kg3 Rc3+ 62. Kf2 Rc2+ 63. Ke3 Kg1 64. Qb1+ 1-0

[Event "Euskadi ch"]
[Site "Zornotza"]
[Date "2007.04.15"]
[Round "7"]
[White "Arias, Luis Javier"]
[Black "Agirretxe, Jesus"]
[Result "1-0"]
[WhiteElo "2197"]
[BlackElo "2149"]
[PlyCount "57"]
[EventDate "2007.04.10"]
[Source "AjedrezVasco"]
[SourceDate "2007.04.10"]

1. Nf3 d5 2. c4 c6 3. b3 Bf5 4. g3 Nd7 5. Bb2 Qc7 6. cxd5 cxd5 7. Nc3 Ngf6 8.
Rc1 Qa5 9. a3 e6 10. b4 Qb6 11. Na4 Qd8 12. Nd4 Bd6 13. Nxf5 exf5 14. Nc3 O-O
15. Bg2 Nb6 16. d3 a5 17. bxa5 Rxa5 18. Qb3 Re8 19. O-O f4 20. Rc2 h5 21. gxf4
Bxf4 22. Qb4 Bxh2+ 23. Kxh2 Ng4+ 24. Kh3 Qc7 25. f4 Re3+ 26. Bf3 Nc4 27. Ne4
Rxe4 28. Qxc4 Rc5 29. Qxd5 1-0

[Event "Euskadi ch"]
[Site "Zornotza"]
[Date "2007.04.15"]
[Round "7"]
[White "Angulo, Jon"]
[Black "Galzagorri, Ieray"]
[Result "1-0"]
[WhiteElo "2173"]
[BlackElo "2252"]
[PlyCount "93"]
[EventDate "2007.04.10"]
[Source "AjedrezVasco"]
[SourceDate "2007.04.10"]

1. e4 c5 2. Nf3 d6 3. d4 Nf6 4. Bd3 cxd4 5. Nxd4 Nc6 6. Nxc6 bxc6 7. b3 g6 8.
Bb2 Bg7 9. O-O O-O 10. Qe2 a5 11. Nc3 Nd7 12. Na4 Bxb2 13. Nxb2 Nc5 14. Rfd1
Qc7 15. Qe3 Ba6 16. Bxa6 Nxa6 17. Qh6 Nc5 18. Re1 f5 19. e5 dxe5 20. Qe3 Nd7
21. f3 e4 22. fxe4 f4 23. Qh3 Ne5 24. Nd3 f3 25. Rf1 Nxd3 26. cxd3 fxg2 27.
Qe6+ Kg7 28. Kxg2 Qd6 29. Qxd6 exd6 30. Rxf8 Rxf8 31. Rc1 c5 32. e5 dxe5 33.
Rxc5 a4 34. bxa4 Rd8 35. Rc3 e4 36. Kf2 exd3 37. Ke1 Kf6 38. a5 Ke5 39. a6 Ra8
40. Ra3 g5 41. Kd2 g4 42. Kxd3 h5 43. Kc4 Kd6 44. Kb5 Kc7 45. Rc3+ Kb8 46. Ka5
Ra7 47. Re3 1-0

[Event "Euskadi ch"]
[Site "Zornotza"]
[Date "2007.04.15"]
[Round "7"]
[White "Miguelez, Erlantz"]
[Black "Diez Fraile, David"]
[Result "0-1"]
[WhiteElo "2034"]
[BlackElo "2131"]
[PlyCount "72"]
[EventDate "2007.04.10"]
[Source "AjedrezVasco"]
[SourceDate "2007.04.10"]

1. d4 d5 2. c4 e6 3. Nc3 Be7 4. cxd5 exd5 5. Qc2 c6 6. Bf4 g6 7. Nf3 Bf5 8. Qb3
Qb6 9. Qxb6 axb6 10. Ne5 Na6 11. g4 Be6 12. Bg2 f6 13. Nd3 Bxg4 14. f3 Be6 15.
O-O Nb4 16. Nf2 g5 17. Bc7 Nc2 18. Rac1 Ne3 19. Rfe1 b5 20. Ng4 Bxg4 21. fxg4
Nh6 22. Bf3 O-O 23. Nd1 Nhxg4 24. h3 Nxd1 25. hxg4 Ne3 26. Kf2 Rfe8 27. Kxe3
Bd6+ 28. Kf2 Bxc7 29. Bxd5+ Kg7 30. Bb3 Re4 31. d5 c5 32. Kf3 Rf4+ 33. Kg3 c4
34. Rh1 Rf1+ 35. Kg2 Rxh1 36. Kxh1 Bf4 0-1

[Event "Euskadi ch"]
[Site "Zornotza"]
[Date "2007.04.15"]
[Round "7"]
[White "Alcaide, Aitor"]
[Black "Iza, Asier"]
[Result "1-0"]
[WhiteElo "2140"]
[BlackElo "1740"]
[PlyCount "71"]
[EventDate "2007.04.10"]
[Source "AjedrezVasco"]
[SourceDate "2007.04.10"]

1. d4 d5 2. Nf3 Nf6 3. Bf4 c6 4. c3 e6 5. e3 Nbd7 6. Nbd2 Be7 7. Bd3 O-O 8. Ne5
c5 9. O-O Re8 10. Ndf3 h6 11. g4 Ne4 12. Kg2 g5 13. Nxd7 Bxd7 14. Bg3 f6 15. h4
Kg7 16. Nd2 Nxg3 17. fxg3 e5 18. Bf5 exd4 19. exd4 Bb5 20. Rf2 a5 21. Qf3 cxd4
22. cxd4 Bb4 23. Bc2 Bd7 24. hxg5 hxg5 25. Qd3 f5 26. gxf5 Kf6 27. Nf3 Bd6 28.
Qd2 Rg8 29. Rh1 Qf8 30. Ne5 Bxe5 31. dxe5+ Kxe5 32. Rh7 Rg7 33. Rxg7 Qxg7 34.
Qc3+ d4 35. Qc5+ Kf6 36. Qd6+ 1-0